Coupes du monde de football - Prix de l'équipe la plus spectaculaire. - Statistiques

Statistiques générales
  • Ce quiz a été pris 43 fois
  • Le résultat moyen est 6 sur 8
Statistiques - réponses
Lieu Edition ANSWER % Correct
France 1998 France
100%
États-Unis 1994 Brésil
98%
Afrique du Sud 2010 Espagne
85%
Allemagne 2006 Portugal
71%
Qatar 2022 Maroc
66%
Corée du Sud-Japon 2002 Corée du Sud
56%
Russie 2018 Russie
54%
Brésil 2014 Algérie
32%
Aucun quiz correspondant
Distribution des résultats
% des personnes avec chaque résultat
Percentile par nombre de réponses
Votre historique - résultats
Vous n’avez pas pris ce quiz